000 00520nam a22001937a 4500
005 20251108174728.0
008 250721s2000 xx 000 0 eng d
020 _a744561639
082 1 4 _aJ/F/BAK
100 1 _abaker, jeannie
_eauth.
245 1 4 _aThe Hidden Forest /
264 1 _alondon :
_bwaler books and pubsidiaries,
_c2000.
300 _a[ 20 p ]
650 1 7 _aFICTION
650 1 7 _aCHILDREN
653 _aاطفال مرحله متوسطه ( 6 - 9 سنوات )
942 _2ddc
_cBK
999 _c116529
_d116529